000 00712nam a2200289Ia 4500
005 20260324134734.0
008 008 260324s9999 xx 000 0 eng d
020 _a9781410600158
037 _aEBOOK
040 _aCRL
040 _beng
040 _cCRL
041 _2eng
041 _aeng
084 _qCRL
100 _aGeoffrey D. Borman; Robert E. Slavin; Samuel C. Stringfield
_91197963
245 0 _aTitle I
245 0 _bCompensatory Education at the Crossroads
260 _bTaylor and Francis
260 _c2001
365 _a
365 _b230
856 _uhttp://www.taylorfrancis.com/books/9781410600158
942 _cEBOOK
999 _c1798354
_d1798354